000 00660nam a22002052 4500
001 0000008474
005 20151217152034.0
008 080415s xx 000 0 eng d
020 _a0875520006 :
_cKES 1200
040 _aKABU
_cKABU
100 1 _aLetham, Robert.
_@0000159070
245 1 4 _aThe Holy trinity :
_bin scriptures, histoty, theology, and worship /
_cRobert Letham.
260 _aPhillpisburg, NJ. :
_bP & R,
_c2004.
300 _axv, 551 p. ;
_c cm.
650 0 _aTrinity.
_@0000149384
852 1 _9p350 KES
908 _a080415
950 _@1
999 _c7589
_d7589